000 00341nam a2200133Ia 4500
003 GCL
008 140319s9999 xx 000 0 ara d
040 _aGCL /
_cGCL
082 0 4 _aد
_b050
100 1 _aسلامة موسى
245 1 0 _aهولاء علمونى (اقرا 349 ) /
_cسلامة موسى
300 _a255
490 _aاقرأ
_v0
999 _c49597
_d49597